| 000 | 00581cam a2200169Ka 4500 | ||
|---|---|---|---|
| 082 |
_a595.771 _bMAE |
||
| 100 | 1 |
_aMaeterlinck, Maurice, _949867 |
|
| 245 | 1 | 4 |
_aThe life of the bee _cby Maurice Maeterlinck ; translated by Alfred Sutro. |
| 260 |
_aLondon : _bGeorge Allen, Ruskin House, _c1901. |
||
| 300 | _a1 online resource (347 p.) | ||
| 500 | _aT.p. in red and black. | ||
| 526 |
_a0 _b0 _c0 _d595_771000000000000_MAE |
||
| 650 | 0 |
_aBees. _949868 |
|
| 700 | 1 |
_aSutro, Alfred, _949869 |
|
| 856 | 4 | 0 | _uhttp://catalog.hathitrust.org/api/volumes/oclc/41157188.html |
| 942 |
_2ddc _cBK |
||
| 999 |
_c552612 _d552612 |
||